000 00325nam a22001457a 4500
008 230208b ||||| |||| 00| 0 eng d
020 _a0534274951
041 _aeng
080 _23RD EDITION
_a51
082 _a51STA
100 _a20
101 _aMATEM
245 _aTHE MATHEMATICAL PALETTE
_cSTASZKOW
942 _2udc
_cBK
999 _c59342
_d59342